000 00565nam a2200181 i 4500
001 94405
003 ES-MaACL
005 20250627063640.0
007 t|
008 050429s1982 sp ||||1| spa d
100 1 _aLorén, Santiago,
_d1918-2010
_974093
245 1 0 _aRamón y Cajal
_b: historia de una voluntad /
_cSantiago Lorén.
260 _aBarcelona :
_bCírculo de Lectores,
_c1982.
300 _a321 p. ;
_c20 cm.
600 1 4 _aRamón y Cajal, Santiago,
_d1852-1934-
_xBiografías
_995228
852 _aES-MaACL
_jL-4553
999 _c94405
_d94405